[Event "97th YMCA Autumn B"]
[Site "Warszawa"]
[Date "2011.11.16"]
[Round "9"]
[White "Jozwik, Jacek"]
[Black "Filar, Slawomir"]
[Result "1-0"]
[WhiteElo "1998"]
[BlackElo "2038"]
[PlyCount "67"]
[EventDate "2011.09.21"]
[EventType "tourn"]
[EventRounds "1"]
[EventCountry "POL"]
[SourceDate "2011.09.21"]

1. d4 d5 2. c4 e6 3. Nf3 Nf6 4. g3 b6 5. Bg2 Bb7 6. Ne5 Bb4+ 7. Nc3 O-O 8. O-O
c6 9. Qa4 Bxc3 10. bxc3 dxc4 11. Nxc4 Nd5 12. Qb3 Ba6 13. Ba3 Bxc4 14. Qxc4 Re8
15. Qb3 Qc7 16. e4 Ne7 17. d5 exd5 18. Bxe7 Rxe7 19. exd5 Qd6 20. Rfe1 Rxe1+
21. Rxe1 Kf8 22. Qa4 Nd7 23. dxc6 Nc5 24. Qd4 Qc7 25. Qh4 h6 26. Bh3 Rd8 27.
Bd7 Nxd7 28. Qe7+ Kg8 29. Rd1 Rf8 30. cxd7 Qd8 31. Qd6 g6 32. Rd4 Kg7 33. Rc4
Qa8 34. Qxf8+ 1-0

[Event "97th YMCA Autumn B"]
[Site "Warszawa"]
[Date "2011.11.21"]
[Round "9"]
[White "Szefer, Michal"]
[Black "Bernacki, Gabriel"]
[Result "1-0"]
[WhiteElo "2041"]
[BlackElo "1914"]
[PlyCount "65"]
[EventDate "2011.09.21"]
[EventType "tourn"]
[EventRounds "1"]
[EventCountry "POL"]
[SourceDate "2011.09.21"]

1. e4 c5 2. Nf3 Nc6 3. d4 cxd4 4. Nxd4 e5 5. Nb5 d6 6. N1c3 a6 7. Na3 Be6 8.
Nc4 b5 9. Ne3 Nf6 10. a3 Be7 11. Be2 Qb8 12. O-O O-O 13. f4 Rc8 14. f5 Bd7 15.
Ncd5 Bd8 16. Nxf6+ Bxf6 17. Nd5 Bd8 18. Bd3 f6 19. Rf3 Ne7 20. Rg3 Nxd5 21. Bh6
Bb6+ 22. Kh1 Ne3 23. Qe2 Ra7 24. Bxg7 Bxf5 25. Bh6+ Bg6 26. Bxe3 Bxe3 27. Qxe3
Kh8 28. Rf1 Rf8 29. Qh6 Rg7 30. h4 d5 31. h5 dxe4 32. Bxe4 f5 33. Rxg6 1-0

[Event "97th YMCA Autumn B"]
[Site "Warszawa"]
[Date "2011.11.16"]
[Round "9"]
[White "Sawicki, Mikolaj"]
[Black "Safanowski, Tomasz"]
[Result "1-0"]
[WhiteElo "2034"]
[BlackElo "1953"]
[PlyCount "53"]
[EventDate "2011.09.21"]
[EventType "tourn"]
[EventRounds "1"]
[EventCountry "POL"]
[SourceDate "2011.09.21"]

1. e4 e5 2. Nf3 Nc6 3. Bc4 Be7 4. O-O Nf6 5. Re1 d6 6. Bb3 Bg4 7. c3 Qd7 8. h3
Bh5 9. d3 h6 10. Nbd2 g5 11. Nf1 g4 12. hxg4 Bxg4 13. N1h2 Bh5 14. d4 Ng4 15.
Ba4 Rg8 16. d5 Nxh2 17. Kxh2 Rxg2+ 18. Kxg2 Qg4+ 19. Kh2 Bg5 20. Rg1 Bf4+ 21.
Bxf4 Qxf4+ 22. Rg3 O-O-O 23. dxc6 Qxe4 24. cxb7+ Qxb7 25. Qb3 Qe4 26. Re1 Qa8
27. Nh4 1-0

[Event "97th YMCA Autumn B"]
[Site "Warszawa"]
[Date "2011.11.16"]
[Round "9"]
[White "Rusin, Ryszard"]
[Black "Sielicki, Tomasz"]
[Result "1-0"]
[WhiteElo "1859"]
[BlackElo "2022"]
[PlyCount "85"]
[EventDate "2011.09.21"]
[EventType "tourn"]
[EventRounds "1"]
[EventCountry "POL"]
[SourceDate "2011.09.21"]

1. d4 d6 2. c4 e5 3. d5 f5 4. Nc3 Nf6 5. Bg5 Be7 6. g3 O-O 7. Bg2 Na6 8. Bxf6
Bxf6 9. e4 Nc5 10. b4 Nxe4 11. Nxe4 fxe4 12. Bxe4 Qe8 13. h3 Qf7 14. Rh2 Kh8
15. Rc1 Bg5 16. Rc3 Bf5 17. Rf3 Qg6 18. Rxf5 Rxf5 19. Qd3 Raf8 20. g4 Bh4 21.
Bxf5 Qg5 22. Nf3 Qf4 23. Rg2 e4 24. Bxe4 Qc1+ 25. Ke2 Bf6 26. Rg1 Qb2+ 27. Qc2
Qxb4 28. Rb1 Qc5 29. Rxb7 Bh4 30. Kf1 Bxf2 31. Qxf2 Qxc4+ 32. Qe2 Qc1+ 33. Kg2
Re8 34. Qb2 Qf4 35. Rxc7 Qf8 36. Ng5 Rb8 37. Qc3 h5 38. Ne6 Qf6 39. Qxf6 gxf6
40. Rd7 hxg4 41. hxg4 Rb2+ 42. Kg3 Rxa2 43. Rd8# 1-0

[Event "97th YMCA Autumn B"]
[Site "Warszawa"]
[Date "2011.11.16"]
[Round "9"]
[White "Jarmula, Lukasz"]
[Black "Rzepecka, Dorota"]
[Result "1/2-1/2"]
[WhiteElo "1940"]
[BlackElo "1897"]
[Annotator "M"]
[PlyCount "50"]
[EventDate "2011.09.21"]
[EventType "tourn"]
[EventRounds "1"]
[EventCountry "POL"]
[SourceDate "2011.09.21"]

1. d4 d5 2. c4 dxc4 3. e3 a6 4. Bxc4 e6 5. Nf3 Nf6 6. O-O b5 7. Bd3 Bb7 8. a4
bxa4 9. Qxa4+ Qd7 10. Ne5 Qxa4 11. Rxa4 Nbd7 12. Nxd7 Nxd7 13. Bd2 c5 14. Ba5
cxd4 15. exd4 Bd6 16. Nd2 O-O 17. Bc3 Nb6 18. Ra2 Rfc8 19. Rfa1 Nd5 20. Bxa6
Bxa6 21. Rxa6 Rxa6 22. Rxa6 Bb4 23. Bxb4 Nxb4 24. Ra1 g6 25. g4 Rc2 $11 1/2-1/2

[Event "97th YMCA Autumn B"]
[Site "Warszawa"]
[Date "2011.11.21"]
[Round "9"]
[White "Kubeczko, Grzegorz"]
[Black "Rozowski, Marcin"]
[Result "1-0"]
[WhiteElo "2005"]
[BlackElo "1908"]
[PlyCount "69"]
[EventDate "2011.09.21"]
[EventType "tourn"]
[EventRounds "1"]
[EventCountry "POL"]
[SourceDate "2011.09.21"]

1. Nf3 d5 2. c4 c6 3. g3 Nf6 4. Bg2 Bg4 5. Ne5 Bf5 6. cxd5 cxd5 7. Nc3 e6 8.
Qa4+ Nbd7 9. g4 Bg6 10. h4 h6 11. Nxg6 fxg6 12. e4 Qb6 13. e5 Ng8 14. d4 Ne7
15. O-O h5 16. g5 Nf5 17. Bxd5 exd5 18. Nxd5 Qc6 19. Qxc6 bxc6 20. Nc7+ Kd8 21.
Nxa8 Nxd4 22. Be3 c5 23. Bxd4 cxd4 24. f4 Nc5 25. Rac1 Ne6 26. Rc6 Kd7 27. Ra6
Bc5 28. b4 Bxb4 29. Rxa7+ Kc6 30. Ra6+ Kd5 31. Nb6+ Ke4 32. a3 Bc3 33. Na4 Nxf4
34. Nxc3+ dxc3 35. Ra4+ 1-0

[Event "97th YMCA Autumn B"]
[Site "Warszawa"]
[Date "2011.11.23"]
[Round "10"]
[White "Rzepecka, Dorota"]
[Black "Kubeczko, Grzegorz"]
[Result "1/2-1/2"]
[WhiteElo "1897"]
[BlackElo "2005"]
[Annotator "M"]
[PlyCount "33"]
[EventDate "2011.09.21"]
[EventType "tourn"]
[EventRounds "1"]
[EventCountry "POL"]
[SourceDate "2011.09.21"]

1. e4 e6 2. d4 d5 3. Nc3 Nf6 4. exd5 exd5 5. Nf3 Bf5 6. Bd3 Bxd3 7. Qxd3 Bd6 8.
Bg5 c6 9. O-O O-O 10. Ne5 h6 11. Bh4 Nbd7 12. Nxd7 Qxd7 13. Bxf6 gxf6 14. Qf3
Rae8 15. Rae1 Rxe1 16. Rxe1 Re8 17. Rxe8+ $11 1/2-1/2

[Event "97th YMCA Autumn B"]
[Site "Warszawa"]
[Date "2011.11.23"]
[Round "10"]
[White "Sielicki, Tomasz"]
[Black "Jarmula, Lukasz"]
[Result "0-1"]
[WhiteElo "2022"]
[BlackElo "1940"]
[PlyCount "72"]
[EventDate "2011.09.21"]
[EventType "tourn"]
[EventRounds "1"]
[EventCountry "POL"]
[SourceDate "2011.09.21"]

1. d4 d5 2. c4 e6 3. Nc3 Nf6 4. cxd5 exd5 5. Bg5 Be7 6. e3 O-O 7. Bd3 Nbd7 8.
Qc2 c6 9. Nge2 h6 10. Bh4 Re8 11. O-O Ne4 12. Bxe7 Qxe7 13. Rae1 Ndf6 14. f3
Nxc3 15. Nxc3 Qd6 16. Qf2 Be6 17. Kh1 Rad8 18. Rd1 Qd7 19. Rfe1 Bf5 20. Qc2
Bxd3 21. Qxd3 Qe7 22. a3 Rd6 23. Re2 Nh5 24. g4 Nf6 25. Rg1 Re6 26. Nd1 Nh7 27.
f4 Nf6 28. g5 hxg5 29. Rxg5 Ne4 30. Rg4 Rh6 31. Reg2 Rh7 32. Qf1 f5 33. Rg6 Nf6
34. Nf2 Ng4 35. Nxg4 fxg4 36. Rg3 Qe4+ 0-1

[Event "97th YMCA Autumn B"]
[Site "Warszawa"]
[Date "2011.11.23"]
[Round "10"]
[White "Safanowski, Tomasz"]
[Black "Rusin, Ryszard"]
[Result "0-1"]
[WhiteElo "1953"]
[BlackElo "1859"]
[PlyCount "76"]
[EventDate "2011.09.21"]
[EventType "tourn"]
[EventRounds "1"]
[EventCountry "POL"]
[SourceDate "2011.09.21"]

1. f4 d5 2. Nf3 c5 3. e3 Nf6 4. Be2 e6 5. b3 Be7 6. Bb2 Nc6 7. O-O b6 8. Qe1
Bb7 9. d3 Qc7 10. Nc3 a6 11. Qg3 d4 12. Ne4 Nh5 13. Qh3 g6 14. Nfg5 Nf6 15.
Rae1 Nxe4 16. Nxe4 O-O-O 17. Bf3 Kb8 18. Re2 Bc8 19. Qg3 h5 20. Rc1 h4 21. Qf2
Rhg8 22. c3 dxe3 23. Qxe3 e5 24. fxe5 Nxe5 25. d4 Nxf3+ 26. gxf3 Rde8 27. Qd3
f5 28. Nf2 Bd6 29. Nh3 g5 30. Kh1 g4 31. Ng1 gxf3 32. Nxf3 Rxe2 33. Qxe2 Bb7
34. Rg1 Rg4 35. Bc1 Qg7 36. Be3 Rxg1+ 37. Bxg1 Qg4 38. d5 Bxd5 0-1

[Event "97th YMCA Autumn B"]
[Site "Warszawa"]
[Date "2011.11.23"]
[Round "10"]
[White "Bernacki, Gabriel"]
[Black "Sawicki, Mikolaj"]
[Result "1/2-1/2"]
[WhiteElo "1914"]
[BlackElo "2034"]
[PlyCount "203"]
[EventDate "2011.09.21"]
[EventType "tourn"]
[EventRounds "1"]
[EventCountry "POL"]
[SourceDate "2011.09.21"]

1. d4 Nf6 2. c4 g6 3. Nc3 d5 4. Bf4 Bg7 5. e3 O-O 6. Nf3 c6 7. Bd3 Nbd7 8. O-O
dxc4 9. Bxc4 Nh5 10. Bg5 h6 11. Bh4 Qe8 12. Qc2 Kh8 13. d5 Nb6 14. Bb3 cxd5 15.
Bxd5 e6 16. Bb3 g5 17. Bg3 Nxg3 18. hxg3 Bd7 19. Nd4 f5 20. Rad1 e5 21. Nde2
Rc8 22. a4 Be6 23. Bxe6 Qxe6 24. g4 f4 25. Qe4 Rf7 26. a5 Nc4 27. exf4 gxf4 28.
Nb5 a6 29. Nbd4 Qxg4 30. b3 Nd6 31. Qd5 Qg6 32. Nf3 e4 33. Ne5 Qf6 34. Qxd6
Qxe5 35. Qg6 Qf5 36. Qxf5 Rxf5 37. Rd7 Rc2 38. Re1 f3 39. Ng3 Rxa5 40. Rxe4
fxg2 41. Rxb7 Rb5 42. Rxb5 axb5 43. Kxg2 Bc3 44. Re6 Kh7 45. Nf5 h5 46. Rh6+
Kg8 47. Rxh5 Be1 48. Kf1 Bxf2 49. Rh2 Rb2 50. Rxf2 Rxb3 51. Nd4 Rb1+ 52. Kg2 b4
53. Rf3 Rd1 54. Nb3 Rb1 55. Kf2 Rb2+ 56. Ke1 Rc2 57. Rf4 Kg7 58. Rxb4 Rb2 59.
Kd1 Kf6 60. Kc1 Rh2 61. Rb5 Ke6 62. Nd2 Kd6 63. Kc2 Kc6 64. Ra5 Rh3 65. Nc4 Rg3
66. Kd2 Rh3 67. Ne3 Kb6 68. Rf5 Kc6 69. Kd3 Kd6 70. Rd5+ Kc6 71. Rg5 Kd6 72.
Kd4 Rh4+ 73. Ng4 Kc6 74. Kc4 Kd6 75. Rg6+ Ke7 76. Kd5 Rh5+ 77. Ne5 Rh1 78. Re6+
Kf8 79. Rf6+ Kg7 80. Rg6+ Kh7 81. Rg3 Rh6 82. Nd7 Ra6 83. Ke5 Kh6 84. Kf5 Ra5+
85. Ne5 Kh7 86. Rg5 Kh6 87. Rg6+ Kh7 88. Rc6 Kg7 89. Rc7+ Kh6 90. Rb7 Rd5 91.
Ra7 Rb5 92. Rc7 Ra5 93. Rb7 Rd5 94. Rb3 Ra5 95. Rc3 Rb5 96. Kf6 Rb6+ 97. Nc6
Kh5 98. Rc4 Ra6 99. Kf5 Ra1 100. Ne7 Rf1+ 101. Rf4 Rxf4+ 102. Kxf4 1/2-1/2

[Event "97th YMCA Autumn B"]
[Site "Warszawa"]
[Date "2011.11.23"]
[Round "10"]
[White "Jozwik, Jacek"]
[Black "Szefer, Michal"]
[Result "0-1"]
[WhiteElo "1998"]
[BlackElo "2041"]
[PlyCount "98"]
[EventDate "2011.09.21"]
[EventType "tourn"]
[EventRounds "1"]
[EventCountry "POL"]
[SourceDate "2011.09.21"]

1. d4 g6 2. e4 Bg7 3. Nc3 c5 4. Nf3 cxd4 5. Nxd4 Nc6 6. Be3 Qa5 7. Be2 Nf6 8.
O-O O-O 9. a3 d6 10. Nb3 Qd8 11. f3 Be6 12. Nd5 Qd7 13. c4 Bxd5 14. cxd5 Ne5
15. Nd4 Rfc8 16. Qb3 a6 17. Rfc1 Rxc1+ 18. Rxc1 Rc8 19. Rc3 Ne8 20. Qc2 Rxc3
21. Qxc3 Qc7 22. Qxc7 Nxc7 23. Kf2 h5 24. Ke1 Kf8 25. Kd2 e6 26. dxe6 fxe6 27.
h3 Ke7 28. Nb3 Nc6 29. Kc2 Kd7 30. f4 d5 31. e5 Ne7 32. Nd4 Nf5 33. Bf2 Bh6 34.
Nxf5 exf5 35. Be3 Ne6 36. g3 h4 37. gxh4 Bxf4 38. Bxf4 Nxf4 39. Bf3 Ke6 40. Kc3
Kxe5 41. a4 a5 42. b4 b6 43. bxa5 bxa5 44. Bd1 Nxh3 45. h5 gxh5 46. Bxh5 Ke4
47. Kd2 Nf4 48. Be8 Ne6 49. Bc6 f4 0-1

[Event "97th YMCA Autumn B"]
[Site "Warszawa"]
[Date "2011.11.30"]
[Round "11"]
[White "Szefer, Michal"]
[Black "Filar, Slawomir"]
[Result "1/2-1/2"]
[WhiteElo "2041"]
[BlackElo "2038"]
[Annotator "M"]
[PlyCount "35"]
[EventDate "2011.09.21"]
[EventType "tourn"]
[EventRounds "1"]
[EventCountry "POL"]
[SourceDate "2011.09.21"]

1. e4 c6 2. d4 d5 3. f3 e6 4. Be3 dxe4 5. Nd2 exf3 6. Ngxf3 Nf6 7. Bd3 Be7 8.
Nc4 Nbd7 9. O-O O-O 10. Nfe5 c5 11. Nxd7 Nxd7 12. dxc5 Bxc5 13. Bxc5 Nxc5 14.
Bxh7+ Kxh7 15. Qh5+ Kg8 16. Qxc5 b6 17. Qe5 Ba6 18. Rf4 $11 1/2-1/2

[Event "97th YMCA Autumn B"]
[Site "Warszawa"]
[Date "2011.11.30"]
[Round "11"]
[White "Rusin, Ryszard"]
[Black "Bernacki, Gabriel"]
[Result "0-1"]
[WhiteElo "1859"]
[BlackElo "1914"]
[PlyCount "102"]
[EventDate "2011.09.21"]
[EventType "tourn"]
[EventRounds "1"]
[EventCountry "POL"]
[SourceDate "2011.09.21"]

1. d4 d5 2. c4 c6 3. Nc3 Nf6 4. b3 Bf5 5. e3 e6 6. Nf3 Bb4 7. Bd2 Qa5 8. Nb1
dxc4 9. Bxc4 b5 10. Be2 Ne4 11. O-O Nxd2 12. Nfxd2 O-O 13. a3 Rd8 14. Qc1 e5
15. Qb2 Bxd2 16. Nxd2 exd4 17. exd4 Nd7 18. a4 Qb4 19. axb5 cxb5 20. Nf3 a5 21.
Rfd1 Nf6 22. d5 Rxd5 23. Rxd5 Nxd5 24. Nd4 Bd7 25. Bf3 Re8 26. h3 Re1+ 27. Kh2
Rxa1 28. Qxa1 Nc3 29. Ne2 Nxe2 30. Bxe2 Qe7 31. Bd1 g6 32. g3 Qe1 33. Qd4 Bc6
34. Qd8+ Be8 35. Qd4 h5 36. g4 h4 37. g5 Bc6 38. f3 Qg3+ 39. Kh1 Bxf3+ 40. Bxf3
Qxf3+ 41. Kg1 Qg3+ 42. Kf1 Qxh3+ 43. Ke2 Qg2+ 44. Kd1 Qxg5 45. Qa7 b4 46. Qd7
Kg7 47. Ke2 Qf4 48. Qd8 h3 49. Qxa5 Qe4+ 50. Kf2 h2 51. Qa1+ Kg8 0-1

[Event "97th YMCA Autumn B"]
[Site "Warszawa"]
[Date "2011.10.26"]
[Round "11"]
[White "Jarmula, Lukasz"]
[Black "Safanowski, Tomasz"]
[Result "1-0"]
[WhiteElo "1940"]
[BlackElo "1953"]
[PlyCount "61"]
[EventDate "2011.09.21"]
[EventType "tourn"]
[EventRounds "1"]
[EventCountry "POL"]
[SourceDate "2011.09.21"]

1. d4 Nf6 2. c4 e6 3. g3 d5 4. Bg2 Nbd7 5. Nf3 Bd6 6. O-O O-O 7. c5 Be7 8. Nc3
c6 9. b4 a5 10. b5 Ne4 11. Nxe4 dxe4 12. Nd2 cxb5 13. Nxe4 e5 14. Bb2 exd4 15.
Qxd4 Nf6 16. Nd6 Qc7 17. Rac1 b4 18. e4 Rd8 19. e5 Ne8 20. f4 Rb8 21. Bd5 Be6
22. Bxe6 fxe6 23. Qc4 Qd7 24. f5 Nc7 25. f6 Bxd6 26. f7+ Kh8 27. exd6 Nd5 28.
Qg4 Nc3 29. Rxc3 bxc3 30. Bxc3 e5 31. Qxd7 1-0

[Event "97th YMCA Autumn B"]
[Site "Warszawa"]
[Date "2011.11.28"]
[Round "11"]
[White "Kubeczko, Grzegorz"]
[Black "Sielicki, Tomasz"]
[Result "1/2-1/2"]
[WhiteElo "2005"]
[BlackElo "2022"]
[PlyCount "71"]
[EventDate "2011.09.21"]
[EventType "tourn"]
[EventRounds "1"]
[EventCountry "POL"]
[SourceDate "2011.09.21"]

1. c4 e5 2. g3 d6 3. Nc3 f5 4. Bg2 Nf6 5. d3 Be7 6. e4 O-O 7. Nge2 Qe8 8. O-O
c6 9. f3 Na6 10. Be3 Qh5 11. exf5 Bxf5 12. Qb3 b6 13. Qa4 Nc7 14. Qxc6 Rac8 15.
g4 Bxg4 16. Ng3 Qh4 17. Nce4 Ne6 18. Nxf6+ Bxf6 19. Qe4 Bg5 20. Bxg5 Qxg5 21.
fxg4 Nf4 22. h3 d5 23. Qe1 Nxd3 24. Bxd5+ Kh8 25. Qe2 Nf4 26. Qe4 Nxh3+ 27. Kh2
Qh4 28. Rxf8+ Rxf8 29. Nf5 Rxf5 30. Qxf5 Nf4+ 31. Kg1 Qg3+ 32. Kf1 Qh3+ 33. Ke1
Qe3+ 34. Kf1 Qh3+ 35. Kg1 Qg3+ 36. Kf1 1/2-1/2